00542 a2200145 450000500170000002000220001708200140003910000170005324500550007026000430012530000530016894200130022199900150023495201470024920250626140132.0 a978-0-19-912962-1 a001.4 FLA aFLANAGAN, C. aResearch Methods Companion: For A Level Psychology aOxfordbOxford University Pressc2012. a159p.: Ill.; figuresbGlossary, Referencesc27cm 2ddccBKS c5377d5377 r2025-06-26 14:02:56l0o001.4 FLApMZA0002246v90000.00w2025-06-26yBKS102ddc407000a003b003cGENd2017-06-19eLibrary Budgetg30000.00